000 00958nam a22002657a 4500
999 _c65977
_d65977
005 20240530110853.0
008 201102s2019 ua a g b 000 0dara d
017 _a2018/26343
_bمصر. دار الكتب
020 _a9789773194158
040 _aEG-CaGPL
_cEG-CaGPL
082 0 4 _221
_a302.234/
_bإ س
100 0 _aايناس السعيد ابراهيم
245 1 2 _aالسوشيال ميديا واثرها على المجتمع /
_cايناس السعيد ابراهيم
250 _aط.1
260 _aالقاهرة :
_bالعربى للنشر و التوزيع،
_c2019
300 _a303 ص. ؛
_c24 سم.
504 _aيشتمل على ارجاعات ببليوجرافية
650 0 7 _2qrmak
_aوسائل الاعلام
650 0 7 _2qrmak
_aالانترنت
650 0 7 _2qrmak
_aالاعلام
651 _2qrmak
653 0 _aالسوشيال ميديا
942 _2ddc
_cBK